| 000 | 01917nam a22005297a 4500 | ||
|---|---|---|---|
| 001 | 62 | ||
| 003 | FISKH | ||
| 005 | 20240712135636.0 | ||
| 008 | 230221b cb ||||| |||| 00| 0 eng d | ||
| 010 | _a 2018420323 | ||
| 020 |
_a9781338217179 _q(paperback) |
||
| 020 |
_a1338217178 _q(paperback) |
||
| 020 |
_a9781544405506 _q(library binding) |
||
| 020 |
_a1544405502 _q(library binding) |
||
| 035 | _a(OCoLC)on1002820830 | ||
| 040 |
_aYDX _beng _cYDX _erda _dBDX _dOCO _dJAO _dFMA _dTXMIN _dOCLCF _dGK8 _dUAP _dNYP _dIGA _dOCLCQ _dOCLCO _dDLC _dFISKH |
||
| 042 | _alccopycat | ||
| 050 | 0 | 0 |
_aHV7922 _b.A765 2018 |
| 082 | 0 | 4 |
_a363.2 _223 |
| 100 | 1 |
_aArnold, Tedd, _eauthor, _eillustrator. |
|
| 245 | 1 | 0 |
_aFly guy presents: _bPolice officers / _cTedd Arnold. |
| 260 |
_aNew York: _bScholastic, _c2018 |
||
| 300 |
_a28 unnumbered pages : _b illustrations ; _c23 cm |
||
| 336 |
_atext _btxt _2rdacontent |
||
| 336 |
_astill image _bsti _2rdacontent |
||
| 337 |
_aunmediated _bn _2rdamedia |
||
| 338 |
_avolume _bnc _2rdacarrier |
||
| 490 | 1 | _aFly Guy presents | |
| 490 | 1 | _aScholastic reader. Level 2 | |
| 505 | _aR | ||
| 520 | _aFly Guy and Buzz visit a police station and learn about police officers and what they do. | ||
| 521 | 0 |
_a700
_bLexile |
|
| 521 | 2 |
_aR
_bRaz-Plus |
|
| 650 | 0 |
_aPolice _vJuvenile literature. |
|
| 650 | 0 | _aIllustrated children's books. | |
| 650 | 1 | _aPolice. | |
| 650 | 7 |
_aJUVENILE NONFICTION _xCareers. _2bisacsh |
|
| 650 | 7 |
_aJUVENILE NONFICTION _xLaw & Crime. _2bisacsh |
|
| 650 | 7 |
_aJUVENILE NONFICTION _xReader _xBeginner. _2bisacsh |
|
| 650 | 7 |
_aPolice. _2fast _0(OCoLC)fst01068398 |
|
| 655 | 7 |
_aJuvenile works. _2fast _0(OCoLC)fst01411637 |
|
| 655 | 7 |
_aReaders (Publications) _2fast _0(OCoLC)fst01919959 |
|
| 655 | 7 |
_aReaders (Publications) _2lcgft |
|
| 800 | 1 |
_aArnold, Tedd. _tFly Guy presents-- |
|
| 906 |
_a7 _bcbc _ccopycat _d2 _encip _f20 _gy-gencatlg |
||
| 942 |
_2ddc _cBK _n0 |
||
| 999 |
_c62 _d62 |
||